00491nam a2200121Ia 4500008004100000020001800041100005300059245011900112260002200231650001200253650006300265856004100328171212s9999 xx 000 0 und d a9781760460846 aKennett, B.L.N.;Saygin, E.;Fomin, T.;Blewett, R. cKennett, B.L.N.;Saygin, E.;Fomin, T.;Blewett, R.aDeep Crustal Seismic Reflection ProfilingbAustralia 1978–2015 bANU E Pressc2016 aGeology aSeismology -- Australia; Seismic waves; Seismic tomography uhttp://jstor.org/stable/j.ctt1rrd7rv